| 000 | 00425nam a2200157Ia 4500 | ||
|---|---|---|---|
| 999 |
_c18683 _d18683 |
||
| 003 | OSt | ||
| 005 | 20200601144606.0 | ||
| 008 | 190216s9999||||xx |||||||||||||| ||und|| | ||
| 040 | _coclc | ||
| 082 |
_a954.2 _bPAN/E |
||
| 100 |
_aPandey, A B _92377 |
||
| 245 | 0 |
_aEarly Medieval India / _cA B Pandey |
|
| 260 |
_bHindasia Pub, _c1960. |
||
| 300 | _a366p | ||
| 942 |
_cBK _2ddc _h954.2 _iPAN/E _k954.2 _mPAN/E |
||